Statystyki dla Puchar Świata - klasyfikacja za sezon 2023/24

Kliknij tutaj aby rozwiązać quiz!

Ogólne statystyki

  • Ten quiz został rozwiązany 159 razy
    (65 od ostatniego zresetowania)
  • Średni wynik to 54 z 67

Statystyki odpowiedzi

PozycjaSkoczekNarodowośćPkt% Poprawnych
19.Aleksander ZniszczołPolska524
100%
28.Dawid KubackiPolska213
100%
4.Jan HoerlAustria1140
100%
7.Johann Andre ForfangNorwegia867
100%
34.Junshiro KobayashiJaponia143
100%
26.Kamil StochPolska256
100%
25.Piotr ŻyłaPolska292
100%
2.Ryoyu KobayashiJaponia1673
100%
1.Stefan KraftAustria2149
100%
13.Domen PrevcSłowenia663
98%
8.Marius LindvikNorwegia854
98%
47.Paweł WąsekPolska42
98%
5.Peter PrevcSłowenia1071
98%
27.Alex InsamWłochy215
95%
3.Andreas WellingerNiemcy1488
95%
31.Giovanni BresadolaWłochy175
95%
9.Lovro KosSłowenia792
95%
55.Maciej KotPolska21
95%
10.Pius PaschkeNiemcy778
95%
18.Gregor DeschwandenSzwajcaria552
93%
37.Vladimir ZografskiBułgaria93
93%
43.Artti AigroEstonia66
90%
17.Karl GeigerNiemcy623
90%
6.Michael HayboeckAustria882
90%
40.Antti AaltoFinlandia85
88%
14.Anze LanisekSłowenia661
88%
35.Erik BelshawUSA137
88%
24.Halvor Egner GranerudNorwegia409
88%
Noriaki KasaiJaponia10
88%
22.Ren NikaidoJaponia449
88%
33.Roman KoudelkaCzechy163
88%
52.Simon AmmannSzwajcaria27
88%
16.Timi ZajcSłowenia640
88%
45.Yevhen MarusiakUkraina57
88%
12.Manuel FettnerAustria703
86%
23.Stephan LeyheNiemcy423
86%
15.Daniel HuberAustria647
83%
41.Killian PeierSzwajcaria79
83%
30.Niko KytosahoFinlandia189
83%
21.Kristoffer Eriksen SundalNorwegia458
81%
42.Tate FrantzUSA71
81%
38.Daniel Andre TandeNorwegia90
79%
56.Naoki NakamuraJaponia15
79%
65.Taku TakeuchiJaponia2
79%
32.Clemens AignerAustria165
76%
11.Daniel TschofenigAustria747
76%
Fatih Arda IpciogluTurcja3
76%
Keiichi SatoJaponia3
76%
29.Robert JohanssonNorwegia195
76%
Eetu NousiainenFinlandia24
69%
57.Kasperi ValtoFinlandia12
67%
20.Philipp RaimundNiemcy461
67%
50.Remo ImhofSzwajcaria30
67%
49.Constantin SchmidNiemcy39
64%
60.Valentin FoubertFrancja8
62%
39.Stephan EmbacherAustria86
60%
61.Ziga JelarSłowenia7
60%
63.Andrea CampregherWłochy3
57%
62.Andrew UrlaubUSA4
57%
51.Zak MogelSłowenia28
57%
36.Benjamin OestvoldNorwegia131
55%
46.Felix HoffmannNiemcy49
52%
Maksim BartoljSłowenia10
48%
44.Martin HamannNiemcy59
43%
58.Fredrik VillumstadNorwegia10
40%
53.Robin PedersenNorwegia24
38%
Sindre Ulven JoergensenNorwegia42
26%

Rozkład punktacji

Percentyl według liczby udzielonych odpowiedzi

Procent ludzi z każdym wynikiem

Twoja historia wyników

Nie rozwiązałeś tego quizu od ostatniego zresetowania